000 00544nam a22002417a 4500
003 UA-OsUOA
001 29976
007 ta
008 20041102b un ||||| |||| 00| 0 ukr d
100 _aПотаповський В.
090 _a908
_bП64
942 _cBK
040 _aUA-OsUOA
_bukr
_cUA-OsUOA
_dUA-OsUOA
245 _aЗ надією все життя
300 _a71 с.
955 _a0
041 _aukr
080 _a908
260 _aРівне
_bАзалія
_c1997
044 _aUA
650 7 _2UDC
999 _c316376
_d316376